QUEST Central Library Banner

Mastering microsoft project 2000 / (Record no. 6637)

MARC details
000 -LEADER
fixed length control field 00878nam a2200193 a 4500
020 ## - INTERNATIONAL STANDARD BOOK NUMBER
ISBN 0782126561 (paperback)
020 ## - INTERNATIONAL STANDARD BOOK NUMBER
ISBN 9780782126563 (paperback)
100 1# - MAIN ENTRY--AUTHOR NAME
Personal name Courter, Gini.
245 10 - TITLE STATEMENT
Title Mastering microsoft project 2000 /
250 ## - EDITION STATEMENT
Edition statement 1st ed.
260 ## - PUBLICATION, DISTRIBUTION, ETC. (IMPRINT)
Place of publication [S.l.] :
Name of publisher Sybex Books,
Year of publication 2000.
300 ## - PHYSICAL DESCRIPTION
Number of Pages 864 p. ;
520 ## - SUMMARY, ETC.
Summary, etc Microsoft Project enables users to efficiently plan and manage project information. This guide to the software provides a quick start chapter that gives an overview of the project management process and covers integration with Outlook and other Office applications.
700 1# - ADDED ENTRY--PERSONAL NAME
Personal name Marquis, Annette.
856 40 - ELECTRONIC LOCATION AND ACCESS
Uniform Resource Identifier http://www.amazon.com/exec/obidos/ASIN/0782126561/chopaconline-20
Holdings
Withdrawn status Lost status Home library Current library Date acquired Full call number Accession Number Koha item type
    Central Library, QUEST, Nawabshah Stacks area 14/06/2014 005.74068COU 25978 Books

Copyright © 2018,The QUEST, Nawabshah, Shaheed Benazirabad. All rights reserved
Mr. G. Farooq Channar (Librarian) QUEST, Nawabshah, Sindh, Pakistan 67480.
 Ph#: |   0244-9370381-4 Ext. 2308   Email| lib@quest.edu.pk   Web|  http://www.quest.edu.pk